Country Flags that are Yellow, Red and Green Only - Statistics

General Stats
  • This quiz has been taken 3,284 times
  • The average score is 8 of 10
Answer Stats
Hint Answer % Correct
Cameroon
89%
Lithuania
89%
Senegal
89%
Mali
86%
Burkina Faso
84%
Mauritania
84%
Benin
83%
Guinea
82%
Rep. of the Congo
79%
Grenada
77%
No matching quizzes found
Score Distribution
Percent of People with Each Score
Percentile by Number Answered
Your Score History
You have not taken this quiz